| 000 | 00973nam a22002657a 4500 | ||
|---|---|---|---|
| 999 |
_c189080 _d189080 |
||
| 005 | 20220613114628.0 | ||
| 008 | 220613b ||||| |||| 00| 0 eng d | ||
| 010 | _aHN-014806 | ||
| 020 |
_c60.00 _a8170162319 |
||
| 035 | _aHN-014806 | ||
| 037 | _bCen Lib/Ret | ||
| 040 |
_aDPL _bHN |
||
| 082 |
_aक _bअमृत |
||
| 100 |
_aअमृत राय _954913 |
||
| 245 |
_aदस प्रतिनिधि कहानियाँ / _cअमृत राय |
||
| 246 |
_a/ _bby Amrit Ray |
||
| 260 |
_aनई दिल्ली _bकिताब घर _c1956 |
||
| 270 | _bनई दिल्ली | ||
| 300 |
_a107पृ. _c18सेमी (सजिल्द) |
||
| 650 |
_a हिन्दी साहित्य _954914 |
||
| 650 |
_a हिन्दी साहित्य -- उपन्यास _946379 |
||
| 650 |
_aHindi literature _954915 |
||
| 650 |
_aHindi literature -- Fiction _954916 |
||
| 942 |
_2ddc _cHN _hक _mअमृत |
||